00723nam a22002177a 450000500170000001000130001702000230003003500130005303700160006604000120008208200160009410000210011024501160013126000440024727000460029130000220033750000490035965000510040865000180045970000280047720170124110000.0 aA-952617 c150.00a8120312589 aA-952617 bCen Lib/Ret aDPLbEN a005.13bSEN aSengupta, Probal aObject-Oriented programming :cby Probal Sengupta [and] Bidyut Baran Chaudhuribfundamentals ans applications / bNew DelhiaPrentice-Hall of Indiac1998 bNew DelhiaM-97, Connaught Circuse110001 ax,257p.c23cm(Hb) aIncludes bibliographic references and index  aObject-oriented programming (Computer science) aSystem design aChaudhuri, Bidyut Baran